000 00425pab a2200157 454500
008 180718b2009 xxu||||| |||| 00| 0 eng d
100 _aBandelj, Nina
245 _aThe global economy as instituted process: the case of central and eastern Europe
260 _c2009
300 _ap.128-49.
362 _aFeb
650 _aEconomic globalization
773 _aAmerican Sociological Review
908 _aN
909 _a84277
999 _c84277
_d84277